Na opravu strážnej veže si Rožňava musí počkať zatekanie spôsobilo vážne problémy

Bibliographic Details
Main Author: Struk, Patrik [elektronický zdroj] (Author)
Format: Article
Language:Slovak
PhysicalDescription:Fotogr.
ISSN:1339-7311
Subjects:
Online Access:http://roznava.korzar.sme.sk/c/7748108/na-opravu-straznej-veze-si-roznava-musi-pockat.html

MARC

LEADER 00000nab a2200000 a 4500
001 vtls010668735
003 SK-MaSNL
005 20260303085910.0
008 150422c20150414xo wr| 0 0slo
038 |a RVGKPD 
040 |a RVGKPD  |b slo  |c RVGKPD  |e AACR2 
041 |a slo 
044 |a xo  |c SK 
080 |a 904  |x (437.6)  |2 2008 
100 1 |a Struk, Patrik [elektronický zdroj]  |4 aut  |9 1089699 
245 1 0 |a Na opravu strážnej veže si Rožňava musí počkať  |b zatekanie spôsobilo vážne problémy  |c [autor] (pas) 
300 |b Fotogr. 
650 0 7 |a strážne veže  |2 rvgkpd  |9 752636 
651 7 |a Rožňava (Slovensko)  |2 rvgkpd  |9 17394 
773 0 |t Rožňavský korzár : týždenník  |g Roč. IV, č. 15 (14.4.2015), s. 1, 3  |x 1339-7311 
852 |a RVGKPD  |b KIS3G 
856 4 1 |u http://roznava.korzar.sme.sk/c/7748108/na-opravu-straznej-veze-si-roznava-musi-pockat.html 
992 |a RBX 
999 |c 1801070  |d 1803000